[Event "Mittelfrank Regionalliga Nord-Ost 2223"]
[Site "Mittelfranken"]
[Date "2023.04.23"]
[Round "9.3"]
[White "Fischer, Erich"]
[Black "Pranschke, Gerd"]
[Result "1/2-1/2"]
[WhiteElo "1933"]
[BlackElo "1928"]
[PlyCount "23"]
[EventDate "2022.10.09"]
[EventType "team-tourn"]
[EventRounds "9"]
[EventCountry "GER"]
[SourceTitle "EXT 2024"]
[Source "ChessBase"]
[SourceDate "2023.10.10"]
[SourceVersion "1"]
[SourceVersionDate "2023.10.10"]
[SourceQuality "1"]
[WhiteTeam "Heng Postbauer"]
[BlackTeam "Nuernberg Noris Tarrasch III"]
[WhiteTeamCountry "GER"]
[BlackTeamCountry "GER"]

1. d4 Nf6 2. Nf3 e6 3. e3 b6 4. Bd3 Bb7 5. Nbd2 d5 6. 0-0 Be7 7. b3 0-0 8. Bb2 Nbd7 9. Rc1 c5 10. Ne5 cxd4 11. exd4 Rc8 12. Qe2 1/2-1/2

[Event "Mittelfrank Regionalliga Nord-Ost 2223"]
[Site "Mittelfranken"]
[Date "2023.03.19"]
[Round "8.6"]
[White "Fischer, Erich"]
[Black "Novak, Jindrich"]
[Result "0-1"]
[WhiteElo "1933"]
[BlackElo "2048"]
[PlyCount "102"]
[EventDate "2022.10.09"]
[EventType "team-tourn"]
[EventRounds "9"]
[EventCountry "GER"]
[SourceTitle "EXT 2024"]
[Source "ChessBase"]
[SourceDate "2023.10.10"]
[SourceVersion "1"]
[SourceVersionDate "2023.10.10"]
[SourceQuality "1"]
[WhiteTeam "Heng Postbauer"]
[BlackTeam "Windischeschenbach"]
[WhiteTeamCountry "GER"]
[BlackTeamCountry "GER"]

1. d4 d6 2. Nf3 Nc6 3. e3 e5 4. Bb5 Bd7 5. 0-0 Nge7 6. Nc3 Ng6 7. e4 Be7 8. Nd5 0-0 9. c3 Nxd4 10. Nxd4 exd4 11. Bxd7 Qxd7 12. Qxd4 Bd8 13. Be3 c6 14. Nf4 Bb6 15. Qd2 Bxe3 16. Qxe3 Nxf4 17. Qxf4 Qe6 18. Rfd1 Rad8 19. Rd2 Rfe8 20. f3 Rd7 21. b3 Red8 22. Rad1 f6 23. Kf2 Qe5 24. Qxe5 fxe5 25. c4 Kf7 26. g3 Ke6 27. f4 g6 28. Ke3 b6 29. b4 h6 30. h4 exf4+ 31. gxf4 g5 32. fxg5 hxg5 33. hxg5 Rh8 34. Rf1 Rh3+ 35. Rf3 Rdh7 36. Rdf2 R7h4 37. Rxh3 Rxh3+ 38. Rf3 Rh2 39. a3 Rg2 40. Kf4 Rc2 41. Kg4 Rxc4 42. g6 Rxe4+ 43. Kg5 Re1 44. g7 Rg1+ 45. Kh6 c5 46. bxc5 bxc5 47. Kh7 c4 48. g8Q+ Rxg8 49. Kxg8 d5 50. Rf7 d4 51. Rxa7 d3 0-1

[Event "Mittelfrank Regionalliga Nord-Ost 2223"]
[Site "Mittelfranken"]
[Date "2023.01.15"]
[Round "5.3"]
[White "Auburger, Philipp"]
[Black "Fischer, Erich"]
[Result "0-1"]
[WhiteElo "2056"]
[BlackElo "1933"]
[PlyCount "88"]
[EventDate "2022.10.09"]
[EventType "team-tourn"]
[EventRounds "9"]
[EventCountry "GER"]
[SourceTitle "EXT 2024"]
[Source "ChessBase"]
[SourceDate "2023.10.10"]
[SourceVersion "1"]
[SourceVersionDate "2023.10.10"]
[SourceQuality "1"]
[WhiteTeam "Forchheim SC"]
[BlackTeam "Heng Postbauer"]
[WhiteTeamCountry "GER"]
[BlackTeamCountry "GER"]

1. e4 g6 2. d4 Bg7 3. Be3 d6 4. Nc3 a6 5. f4 b5 6. Nf3 Bb7 7. Bd3 Nd7 8. 0-0 b4 9. Ne2 Ngf6 10. Ng3 0-0 11. Qe2 c5 12. c3 cxd4 13. cxd4 Ng4 14. Kh1 Nxe3 15. Qxe3 Qb6 16. f5 Ne5 17. fxg6 fxg6 18. Ne2 Nxf3 19. Rxf3 Rxf3 20. gxf3 e5 21. Bc4+ Kh8 22. Qg5 exd4 23. Nf4 Qd8 24. Qg4 Bh6 25. Rg1 Qf6 26. Nd3 Be3 27. Rg2 Rf8 28. Ne1 Bc8 29. Qg3 a5 30. Rc2 g5 31. Be2 h5 32. Rc7 Bf4 33. Qg2 d5 34. Rc2 Bb7 35. Qh3 dxe4 36. Qxh5+ Kg8 37. Rc5 d3 38. Bd1 Rf7 39. Bb3 d2 40. Ng2 exf3 41. Bxf7+ Kg7 42. Rd5 d1Q+ 43. Rxd1 fxg2+ 44. Kg1 Be3# 0-1

[Event "Mittelfrank Regionalliga Nord-Ost 2223"]
[Site "Mittelfranken"]
[Date "2022.10.09"]
[Round "1.4"]
[White "Fischer, Erich"]
[Black "Heimrath, Wolfgang"]
[Result "1/2-1/2"]
[WhiteElo "1933"]
[BlackElo "2128"]
[PlyCount "35"]
[EventDate "2022.10.09"]
[EventType "team-tourn"]
[EventRounds "9"]
[EventCountry "GER"]
[SourceTitle "EXT 2024"]
[Source "ChessBase"]
[SourceDate "2023.10.10"]
[SourceVersion "1"]
[SourceVersionDate "2023.10.10"]
[SourceQuality "1"]
[WhiteTeam "Heng Postbauer"]
[BlackTeam "Fuerth SG"]
[WhiteTeamCountry "GER"]
[BlackTeamCountry "GER"]

1. d4 Nf6 2. Nf3 e6 3. e3 c5 4. Bd3 Nc6 5. b3 cxd4 6. exd4 b6 7. Bb2 Nb4 8. Be2 Nbd5 9. 0-0 Nf4 10. c4 d6 11. Re1 Nxe2+ 12. Qxe2 Be7 13. d5 0-0 14. dxe6 fxe6 15. Nd4 e5 16. Nc6 Qc7 17. Nxe7+ Qxe7 18. Ba3 1/2-1/2

[Event "Mittelfrank Regionalliga Nord-Ost 2122"]
[Site "Mittelfranken"]
[Date "2022.05.08"]
[Round "8.5"]
[White "Fischer, Erich"]
[Black "Illetsko, Jaroslav"]
[Result "0-1"]
[WhiteElo "1882"]
[BlackElo "2064"]
[PlyCount "56"]
[EventDate "2021.10.24"]
[EventType "team-tourn"]
[EventRounds "9"]
[EventCountry "GER"]
[SourceTitle "EXT 2024"]
[Source "ChessBase"]
[SourceDate "2023.10.10"]
[SourceVersion "1"]
[SourceVersionDate "2023.10.10"]
[SourceQuality "1"]
[WhiteTeam "Heng Postbauer"]
[BlackTeam "Windischeschenbach"]
[WhiteTeamCountry "GER"]
[BlackTeamCountry "GER"]

1. d4 Nf6 2. Nf3 g6 3. c4 Bg7 4. Nc3 0-0 5. e4 d6 6. h3 e5 7. Be3 exd4 8. Nxd4 Re8 9. Bd3 c6 10. 0-0 a5 11. Qc2 Na6 12. a3 Bd7 13. Rab1 Nc5 14. b4 axb4 15. axb4 Nxd3 16. Qxd3 Ra3 17. Nc2 Nxe4 18. Nxa3 Nxc3 19. Rb3 Bf5 20. Qd2 Ne4 21. Qc1 Qh4 22. Bg5 Nxg5 23. c5 d5 24. b5 Bxh3 25. Rg3 h6 26. gxh3 Nxh3+ 27. Kg2 Nf4+ 28. Kf3 Ne2 0-1

[Event "Regionalliga Nord-Ost 1819"]
[Site "Bayern"]
[Date "2019.02.03"]
[Round "6.5"]
[White "Fischer, Erich"]
[Black "Metodiev, Martin"]
[Result "1/2-1/2"]
[WhiteElo "1940"]
[BlackElo "2017"]
[PlyCount "67"]
[EventDate "2018.10.21"]
[EventType "team-tourn"]
[EventRounds "9"]
[EventCountry "GER"]
[SourceTitle "EXT 2022"]
[Source "ChessBase"]
[SourceDate "2021.10.06"]
[SourceVersion "1"]
[SourceVersionDate "2021.10.06"]
[SourceQuality "1"]
[WhiteTeam "Postbauer Heng"]
[BlackTeam "Erlangen SC II"]
[WhiteTeamCountry "GER"]
[BlackTeamCountry "GER"]

1. d4 Nf6 2. Nf3 d5 3. e3 e6 4. Bd3 Bd6 5. Nbd2 0-0 6. b3 c5 7. Bb2 Nc6 8. 0-0 cxd4 9. exd4 b6 10. Ne5 Ne7 11. Rc1 Bb7 12. Qe2 a6 13. c4 Rc8 14. a3 dxc4 15. bxc4 Ng6 16. f4 Qe7 17. Rc3 b5 18. Nxg6 hxg6 19. c5 Bb8 20. Be4 Nxe4 21. Nxe4 Rfd8 22. Rh3 Bd5 23. Rf2 Qb7 24. Ng5 f6 25. Nf3 Bxf4 26. Nh4 g5 27. Ng6 Bb8 28. Qh5 Be4 29. Rxf6 gxf6 30. Qh8+ Kf7 31. Qh7+ Ke8 32. Qg8+ Kd7 33. Qf7+ Kc6 34. Ne7+ 1/2-1/2

[Event "Mittelfranken-chTB1 1213"]
[Site "Germany"]
[Date "2012.11.18"]
[Round "3.4"]
[White "Fischer, Erich"]
[Black "Arlt, Michael"]
[Result "1-0"]
[WhiteElo "1979"]
[BlackElo "1925"]
[PlyCount "73"]
[EventDate "2012.10.07"]
[EventType "team-tourn"]
[EventRounds "9"]
[EventCountry "GER"]
[SourceTitle "EXT 2019"]
[Source "ChessBase"]
[SourceDate "2018.10.10"]
[SourceVersion "1"]
[SourceVersionDate "2018.10.10"]
[SourceQuality "1"]
[WhiteTeam "Postbauer Heng"]
[BlackTeam "Schwanstetten"]
[WhiteTeamCountry "GER"]
[BlackTeamCountry "GER"]

1. Nf3 d5 2. b3 Bg4 3. Bb2 Nd7 4. d3 Bxf3 5. exf3 Ngf6 6. f4 e6 7. Nd2 Bd6 8. g3 c5 9. Bg2 Qc7 10. Nf3 c4 11. dxc4 dxc4 12. bxc4 Bb4+ 13. c3 Be7 14. Qe2 0-0 15. 0-0 Nb6 16. Ne5 Bd6 17. c5 Bxc5 18. a4 Rac8 19. a5 Nbd7 20. c4 Be7 21. a6 bxa6 22. Nc6 Nc5 23. Ra5 Rfe8 24. Be5 Qb6 25. Nxe7+ Rxe7 26. Qa2 Nfd7 27. Rb1 Qd8 28. Bd6 Re8 29. Qa3 Nb6 30. Rxc5 Qxd6 31. Rxc8 Nxc8 32. c5 Qd4 33. Bb7 Ne7 34. c6 Nd5 35. Qd6 Qa4 36. c7 Nb6 37. Bc6 1-0

[Event "Mittelfranken-chTB1 1011"]
[Site "Germany"]
[Date "2011.05.15"]
[Round "9.7"]
[White "Goetz, Dieter"]
[Black "Fischer, Erich"]
[Result "0-1"]
[WhiteElo "1889"]
[BlackElo "1941"]
[PlyCount "104"]
[EventDate "2010.09.26"]
[EventType "team-tourn"]
[EventRounds "9"]
[EventCountry "GER"]
[SourceTitle "EXT 2012"]
[Source "ChessBase"]
[SourceDate "2011.11.24"]
[SourceVersion "1"]
[SourceVersionDate "2011.11.24"]
[SourceQuality "1"]
[WhiteTeam "Nuernberg SK 1911"]
[BlackTeam "Postbauer Heng"]
[WhiteTeamCountry "GER"]
[BlackTeamCountry "GER"]

1. c4 e5 2. Nc3 Nc6 3. g3 g6 4. Bg2 Bg7 5. e4 d6 6. Nge2 Be6 7. d3 Qd7 8. Nd5 Rc8 9. 0-0 f5 10. Nec3 Nd4 11. exf5 Nxf5 12. Ne3 c6 13. Nxf5 Bxf5 14. f4 Ne7 15. Be3 exf4 16. Bxf4 0-0 17. Qd2 d5 18. c5 Bd4+ 19. Kh1 Bxc5 20. d4 Bd6 21. Bh6 Rf7 22. Rae1 Bh3 23. Rxf7 Bxg2+ 24. Kxg2 Kxf7 25. Rf1+ Kg8 26. Bg5 Nf5 27. g4 Ng7 28. h3 Rf8 29. Rxf8+ Bxf8 30. Bf6 Qe6 31. Be5 Bd6 32. Bxd6 Qxd6 33. Ne2 b6 34. Qg5 Ne8 35. Nf4 Nf6 36. Nd3 Ne4 37. Qf4 Qxf4 38. Nxf4 Kf7 39. Kf3 h6 40. Nd3 c5 41. dxc5 bxc5 42. Ne5+ Kf6 43. Nc6 a6 44. Nb8 a5 45. a4 c4 46. Ke3 Nc5 47. Nc6 Nxa4 48. Nxa5 Nxb2 49. Kd4 Nd1 50. Kxd5 c3 51. Kd4 c2 52. Nb3 Nf2 0-1

[Event "Mittelfranken-chTB1 1011"]
[Site "Germany"]
[Date "2011.01.23"]
[Round "5.7"]
[White "Fischer, Erich"]
[Black "Jaeger, Peter"]
[Result "1-0"]
[WhiteElo "1941"]
[BlackElo "1781"]
[PlyCount "79"]
[EventDate "2010.09.26"]
[EventType "team-tourn"]
[EventRounds "9"]
[EventCountry "GER"]
[SourceTitle "EXT 2012"]
[Source "ChessBase"]
[SourceDate "2011.11.24"]
[SourceVersion "1"]
[SourceVersionDate "2011.11.24"]
[SourceQuality "1"]
[WhiteTeam "Postbauer Heng"]
[BlackTeam "Gunzenhausen"]
[WhiteTeamCountry "GER"]
[BlackTeamCountry "GER"]

1. c4 e5 2. Nc3 d6 3. g3 Be6 4. Bg2 c6 5. d3 Be7 6. e4 Nf6 7. Nge2 Nfd7 8. 0-0 0-0 9. f4 Bg4 10. Be3 Na6 11. Qd2 exf4 12. gxf4 Qa5 13. Ng3 Bh4 14. f5 Ne5 15. a3 Qd8 16. b4 Nc7 17. Bf4 Ne8 18. Nce2 Nf6 19. c5 Nfd7 20. cxd6 Qb6+ 21. d4 Nc4 22. Qc3 Qa6 23. Bf3 Bxf3 24. Rxf3 Nf6 25. Rc1 b5 26. Be5 Nd7 27. Bf4 Nf6 28. e5 Nd5 29. Qd3 Rad8 30. Ne4 Nxf4 31. Nxf4 f6 32. Ng2 Bg5 33. Nxg5 fxg5 34. Ne3 Nb2 35. Qb3+ Nc4 36. Nxc4 bxc4 37. Qxc4+ Qxc4 38. Rxc4 Rc8 39. d7 Rc7 40. e6 1-0

[Event "Mittelfranken-chTB1 0910"]
[Site "Mittelfranken"]
[Date "2009.10.25"]
[Round "2.6"]
[White "Fischer, Erich"]
[Black "Auer, Guenther"]
[Result "1/2-1/2"]
[WhiteElo "1943"]
[BlackElo "2009"]
[PlyCount "47"]
[EventDate "2009.10.11"]
[EventType "team-tourn"]
[EventRounds "9"]
[EventCountry "GER"]
[SourceTitle "EXT 2011"]
[Source "ChessBase"]
[SourceDate "2010.11.26"]
[SourceVersion "1"]
[SourceVersionDate "2010.11.26"]
[SourceQuality "1"]
[WhiteTeam "Postbauer Heng"]
[BlackTeam "Altensittenbach"]
[WhiteTeamCountry "GER"]
[BlackTeamCountry "GER"]

1. d4 c5 2. d5 f5 3. Nc3 Nf6 4. Bg5 Qb6 5. Rb1 h6 6. Bf4 g5 7. Bd2 d6 8. e4 fxe4 9. f3 exf3 10. Nxf3 Bg7 11. Bc4 Qd8 12. 0-0 0-0 13. Qe2 Nbd7 14. Nd1 Nb6 15. Ba5 Qe8 16. Bxb6 axb6 17. Nc3 Bd7 18. Rbe1 Rf7 19. Bd3 Rf8 20. Nd2 Ng4 21. Qe4 Nf6 22. Rxf6 Rxf6 23. Qh7+ Kf8 24. Nde4 1/2-1/2

[Event "Nuremberg LGA Cup 5th"]
[Site "Nuremberg"]
[Date "2008.09.07"]
[Round "6"]
[White "Fischer, Erich"]
[Black "Klyszcz, Michael"]
[Result "1/2-1/2"]
[WhiteElo "2205"]
[BlackElo "2037"]
[PlyCount "34"]
[EventDate "2008.09.04"]
[EventType "swiss"]
[EventRounds "7"]
[EventCountry "GER"]
[SourceTitle "CBM 126 Extra"]
[Source "ChessBase"]
[SourceDate "2008.11.05"]
[SourceVersion "1"]
[SourceVersionDate "2008.11.05"]
[SourceQuality "1"]

1. c4 c5 2. Nc3 Nc6 3. g3 g6 4. Bg2 Bg7 5. d3 d6 6. e4 e6 7. f4 Nge7 8. Nf3 Bd7 9. 0-0 0-0 10. h3 a6 11. Be3 Nd4 12. Qd2 Qc7 13. Rab1 Nec6 14. Nh4 f5 15. b3 Qa5 16. Rfc1 Rab8 17. Kh1 Kh8 1/2-1/2